[Event "Perm op2 01"]
[Site "Perm"]
[Date "2009.01.12"]
[Round "6"]
[White "Tsapalin, Sergey"]
[Black "Kichigin, Viktor"]
[Result "1-0"]
[WhiteElo "2014"]
[BlackElo "2079"]
[PlyCount "70"]
[EventDate "2009.01.12"]
[EventType "swiss"]
[EventRounds "8"]
[EventCountry "RUS"]
[SourceTitle "EXT 2022"]
[Source "ChessBase"]
[SourceDate "2021.10.06"]
[SourceVersion "1"]
[SourceVersionDate "2021.10.06"]
[SourceQuality "1"]

1. d4 Nf6 2. c4 c5 3. d5 b5 4. cxb5 a6 5. Nc3 axb5 6. e4 b4 7. Nb5 d6 8. Bf4 Nbd7 9. Nh3 g6 10. a4 Bg7 11. f3 0-0 12. Qd2 Nb6 13. Qc2 Nh5 14. Be3 f5 15. Nf2 fxe4 16. fxe4 e6 17. dxe6 Bxe6 18. Rd1 Be5 19. b3 Qh4 20. g3 Qe7 21. Be2 Rf7 22. Ng4 Bxg4 23. Bxg4 Raf8 24. Be2 Qe6 25. a5 Qh3 26. Kd2 Bc3+ 27. Nxc3 bxc3+ 28. Kxc3 d5 29. exd5 Nd7 30. Bc4 Rf3 31. Qe4 Qg2 32. Rhe1 Nhf6 33. Qe6+ Kh8 34. Rd2 Rxe3+ 35. Rxe3 Qh1 1-0

[Event "Perm op 03"]
[Site "Perm"]
[Date "2008.03.19"]
[Round "7"]
[White "Kichigin, Viktor"]
[Black "Volodin, Ivan"]
[Result "0-1"]
[WhiteElo "1856"]
[BlackElo "2141"]
[PlyCount "48"]
[EventDate "2008.03.11"]
[EventType "swiss"]
[EventRounds "7"]
[EventCountry "RUS"]
[SourceTitle "EXT 2011"]
[Source "ChessBase"]
[SourceDate "2010.11.26"]
[SourceVersion "1"]
[SourceVersionDate "2010.11.26"]
[SourceQuality "1"]

1. c4 e6 2. Nc3 d5 3. d4 f5 4. g3 Nf6 5. Bg2 c6 6. Nf3 Bd6 7. 0-0 0-0 8. b3 Nbd7 9. Bb2 Ne4 10. e3 Qf6 11. Ne1 Qh6 12. Qe2 b6 13. f3 Ng5 14. h4 Nf7 15. e4 fxe4 16. fxe4 dxe4 17. Nxe4 Bc7 18. Nf3 Bb7 19. Nfg5 Nxg5 20. Nxg5 Rae8 21. Rxf8+ Kxf8 22. Rf1+ Kg8 23. Qf3 Rf8 24. Nf7 Qd2 0-1

[Event "Perm op 01"]
[Site "Perm"]
[Date "2008.01.24"]
[Round "7"]
[White "Kichigin, Viktor"]
[Black "Pershina, Elena"]
[Result "0-1"]
[WhiteElo "1861"]
[BlackElo "1789"]
[PlyCount "52"]
[EventDate "2008.01.16"]
[EventType "swiss"]
[EventRounds "9"]
[EventCountry "RUS"]
[SourceTitle "EXT 2022"]
[Source "ChessBase"]
[SourceDate "2021.10.06"]
[SourceVersion "1"]
[SourceVersionDate "2021.10.06"]
[SourceQuality "1"]

1. e4 e6 2. d4 d5 3. Nd2 Nf6 4. Bd3 c5 5. c3 Nc6 6. Ngf3 cxd4 7. cxd4 dxe4 8. Nxe4 Bb4+ 9. Nc3 0-0 10. 0-0 b6 11. Re1 Bb7 12. a3 Be7 13. Bc2 Rc8 14. Qd3 Qc7 15. d5 Rfd8 16. Bg5 g6 17. dxc6 Rxd3 18. cxb7 Qxb7 19. Bxd3 Kg7 20. h3 h6 21. Be3 Bc5 22. Bf4 Kh7 23. Rad1 a6 24. Ne4 Nxe4 25. Bxe4 Qa7 26. b4 Be7 0-1

[Event "Perm Elo op-B"]
[Site "Perm"]
[Date "2007.05.08"]
[Round "8"]
[White "Kushka, Alena"]
[Black "Kichigin, Viktor"]
[Result "1/2-1/2"]
[WhiteElo "1845"]
[BlackElo "1932"]
[PlyCount "25"]
[EventDate "2007.04.25"]
[EventType "swiss"]
[EventRounds "9"]
[EventCountry "RUS"]
[SourceTitle "EXT 2010"]
[Source "ChessBase"]
[SourceDate "2010.11.25"]
[SourceVersion "1"]
[SourceVersionDate "2010.11.25"]
[SourceQuality "1"]

1. c4 e6 2. d4 d5 3. Nc3 c6 4. cxd5 exd5 5. Bf4 Nf6 6. e3 Bd6 7. Bxd6 Qxd6 8. Bd3 0-0 9. Qc2 h6 10. 0-0-0 b5 11. h3 a5 12. f4 Ba6 13. Nf3 1/2-1/2

[Event "Perm op"]
[Site "Perm"]
[Date "2006.12.18"]
[Round "4"]
[White "Panjkov, Alexander"]
[Black "Kichigin, Viktor"]
[Result "0-1"]
[WhiteElo "1878"]
[BlackElo "1974"]
[PlyCount "22"]
[EventDate "2006.12.13"]
[EventType "swiss"]
[EventRounds "9"]
[EventCountry "RUS"]
[SourceTitle "EXT 2008"]
[Source "ChessBase"]
[SourceDate "2007.11.25"]
[SourceVersion "1"]
[SourceVersionDate "2007.11.25"]
[SourceQuality "1"]

1. d4 d5 2. Bg5 h6 3. Bh4 Nf6 4. f3 e6 5. c3 Be7 6. Nd2 0-0 7. g4 Nxg4 8. Bxe7 Qxe7 9. h4 Qd6 10. Rh3 Ne3 11. Qc1 e5 0-1